[Event "Umbria Regional-ch"]
[Site "Foligno"]
[Date "2009.06.05"]
[Round "3"]
[White "Balducci, Alessandro"]
[Black "Minelli, Francesco"]
[Result "1/2-1/2"]
[WhiteElo "1816"]
[BlackElo "1857"]
[PlyCount "125"]
[EventDate "2009.06.05"]
[EventType "swiss"]
[EventRounds "6"]
[EventCountry "ITA"]
[SourceTitle "EXT 2011"]
[Source "ChessBase"]
[SourceDate "2010.11.26"]
[SourceVersion "1"]
[SourceVersionDate "2010.11.26"]
[SourceQuality "1"]

1. f4 c5 2. Nf3 Nf6 3. e3 Nc6 4. b3 g6 5. Bb2 Bg7 6. Be2 0-0 7. 0-0 d5 8. Ne5 Qc7 9. Nxc6 Qxc6 10. Bf3 Rd8 11. Qe2 Be6 12. d3 Qd7 13. Nd2 d4 14. Nc4 Bxc4 15. bxc4 dxe3 16. Be5 Rac8 17. Rab1 b6 18. Qxe3 e6 19. g4 Ne8 20. Bb2 Bxb2 21. Rxb2 Qd4 22. Qxd4 Rxd4 23. Bg2 Nf6 24. h3 h5 25. g5 Ne8 26. Rbb1 Nd6 27. a4 Nf5 28. Rbe1 Rb8 29. Bc6 a6 30. Kg2 Rd6 31. Be4 Nd4 32. c3 Nf5 33. Kf3 b5 34. axb5 axb5 35. cxb5 Rxb5 36. Bxf5 exf5 37. Re3 Rb2 38. Rd1 Ra6 39. Re2 Raa2 40. Rxb2 Rxb2 41. d4 Rc2 42. Rd3 cxd4 43. cxd4 h4 44. d5 Rh2 45. Rd4 Rxh3+ 46. Kg2 Re3 47. d6 Re8 48. Kh3 Rd8 49. Kxh4 Kf8 50. Kg3 Ke8 51. Kf3 Kd7 52. Ra4 Kxd6 53. Ra6+ Ke7 54. Ke3 Rd6 55. Ra7+ Ke6 56. Ra5 f6 57. gxf6 Kxf6 58. Ra8 Re6+ 59. Kf3 Re7 60. Rf8+ Rf7 61. Ra8 Rb7 62. Rf8+ Kg7 63. Ra8 1/2-1/2

[Event "Umbria Regional-ch"]
[Site "Foligno"]
[Date "2009.06.05"]
[Round "1"]
[White "Minelli, Francesco"]
[Black "Minni, Stefano"]
[Result "1/2-1/2"]
[WhiteElo "1857"]
[BlackElo "1452"]
[PlyCount "106"]
[EventDate "2009.06.05"]
[EventType "swiss"]
[EventRounds "6"]
[EventCountry "ITA"]
[SourceTitle "EXT 2011"]
[Source "ChessBase"]
[SourceDate "2010.11.26"]
[SourceVersion "1"]
[SourceVersionDate "2010.11.26"]
[SourceQuality "1"]

1. e4 d6 2. d4 Nf6 3. Nc3 c6 4. f4 Qa5 5. Bd3 e5 6. Nf3 Bg4 7. dxe5 dxe5 8. h3 Bxf3 9. Qxf3 Bb4 10. Bd2 0-0 11. g4 exf4 12. Qxf4 Re8 13. 0-0 Qe5 14. Qf3 Bd6 15. Bf4 Qxf4 16. Qxf4 Bxf4 17. Rxf4 Re5 18. Rf5 Nbd7 19. Raf1 h6 20. Kg2 Rae8 21. b4 Rxf5 22. exf5 Kf8 23. Rf2 Ne5 24. Bf1 Ned7 25. Re2 Nb6 26. Rxe8+ Kxe8 27. Kf3 Nfd5 28. Nxd5 Nxd5 29. a3 f6 30. c4 Nc7 31. a4 Kd7 32. Ke4 b6 33. h4 c5 34. b5 Kd6 35. Kf4 Ne8 36. Bd3 Ke7 37. Ke3 Nd6 38. Kd2 Kf7 39. Kc3 Kg8 40. Kb3 Kh7 41. a5 Kg8 42. axb6 axb6 43. Kc3 Kf7 44. Kd2 Kf8 45. Ke3 Ke7 46. Kf4 Kf7 47. g5 Kf8 48. gxh6 gxh6 49. Kg4 Kg7 50. Kf4 Kf7 51. Be4 Kg7 52. Bd5 Kh7 53. Bf3 Kg7 1/2-1/2

[Event "Assisi op-B 4th"]
[Site "Assisi"]
[Date "2008.12.22"]
[Round "5"]
[White "Minelli, Francesco"]
[Black "Vannelli, Vittorio"]
[Result "1/2-1/2"]
[WhiteElo "1873"]
[BlackElo "1884"]
[PlyCount "124"]
[EventDate "2008.12.20"]
[EventType "swiss"]
[EventRounds "7"]
[EventCountry "ITA"]
[SourceTitle "EXT 2011"]
[Source "ChessBase"]
[SourceDate "2010.11.26"]
[SourceVersion "1"]
[SourceVersionDate "2010.11.26"]
[SourceQuality "1"]

1. e4 e5 2. Nf3 Nc6 3. Bb5 Nf6 4. 0-0 Nxe4 5. d4 Nd6 6. Bxc6 dxc6 7. dxe5 Nf5 8. Qxd8+ Kxd8 9. Rd1+ Ke8 10. b3 Be7 11. Bb2 Be6 12. Nbd2 Rd8 13. g4 Nh4 14. Nxh4 Bxh4 15. h3 h5 16. f3 hxg4 17. hxg4 Bg5 18. Nf1 Bf4 19. Rxd8+ Kxd8 20. Rd1+ Kc8 21. Kg2 Re8 22. Re1 b5 23. Bc1 Bxc1 24. Rxc1 Bd7 25. Re1 a5 26. Kg3 c5 27. f4 Kd8 28. f5 b4 29. Kf4 a4 30. Ne3 Rh8 31. Re2 axb3 32. axb3 Rh1 33. Rd2 Kc8 34. e6 fxe6 35. fxe6 Bxe6 36. g5 c4 37. bxc4 Bxc4 38. Nxc4 Rh4+ 39. Kf5 Rxc4 40. Kg6 Rg4 41. Rd5 Rg2 42. Rb5 Rxc2 43. Rxb4 Rg2 44. Rf4 Kd7 45. Rf7+ Ke6 46. Rxg7 c5 47. Kh7 c4 48. Rg8 Kd7 49. g6 Rh2+ 50. Kg7 c3 51. Ra8 c2 52. Ra1 Rd2 53. Rc1 Ke7 54. Kh7 Kf6 55. Rf1+ Ke5 56. g7 Rd1 57. Rxd1 cxd1Q 58. g8Q Qh5+ 59. Kg7 Qg5+ 60. Kf8 Qd8+ 61. Kg7 Qf6+ 62. Kh7 Kd6 1/2-1/2

[Event "Assisi op-B 4th"]
[Site "Assisi"]
[Date "2008.12.21"]
[Round "4"]
[White "Verdi, Enea"]
[Black "Minelli, Francesco"]
[Result "0-1"]
[WhiteElo "1410"]
[BlackElo "1873"]
[PlyCount "58"]
[EventDate "2008.12.20"]
[EventType "swiss"]
[EventRounds "7"]
[EventCountry "ITA"]
[SourceTitle "EXT 2011"]
[Source "ChessBase"]
[SourceDate "2010.11.26"]
[SourceVersion "1"]
[SourceVersionDate "2010.11.26"]
[SourceQuality "1"]

1. e4 c5 2. c3 d5 3. exd5 Qxd5 4. d4 Nc6 5. Nf3 Bg4 6. Be2 Nf6 7. c4 Qd8 8. d5 Bxf3 9. Bxf3 Nd4 10. Nc3 Nxf3+ 11. Qxf3 Qd7 12. Bf4 a6 13. 0-0 g6 14. Be5 Bg7 15. Ne4 Nh5 16. Bxg7 Nxg7 17. Nxc5 Qc7 18. Qc3 0-0 19. b4 Rac8 20. Rac1 Nf5 21. Rc2 Nd6 22. Rfc1 b6 23. Nxa6 Qb7 24. c5 Qxa6 25. c6 Rc7 26. f3 Re8 27. Qb3 Ra8 28. Rb2 Qa3 29. Qd1 Qxb2 0-1